| 000 | 00803nam a2200181 a 4500 | ||
|---|---|---|---|
| 008 | 090112s1984 ||||||||||||||||| || u | ||
| 050 | _aGOV.ZAM(08)DPSS/11 | ||
| 110 | _aGovernment of the Republic of Zambia (GRZ) | ||
| 245 | 1 | 0 | _aPlanning Division Human human resources development and training plan |
| 260 |
_aLusaka _bMinistry of Agriculture and water Development _c1984 |
||
| 300 | _a23p. | ||
| 350 | _a0.00 | ||
| 490 | _aPlanning Division special study | ||
| 650 | _aHUMAN RESOURCE MANAGEMENT--ZAMBIA | ||
| 650 | _aMINISTRY OF AGRICULTURE AND WATER DEVELOPMENT (ZAMBIA) | ||
| 710 | _aMinistry of Agriculture and Water Development | ||
| 995 |
_D0.00 _FCBU-MAIN LIBRARY (Kitwe) _H1 _I0.00 _M1 _UAVAILABLE _WJan 12, 2009 _ZZambiana Collection |
||
| 999 |
_c53703 _d53703 |
||